00503nam a2200169 a 45000010005000000030009000050080041000140200015000550400028000700820017000981100041001152450054001562600061002103000010002716500026002816500026003079853CO-ViMGA141112s2004 ck r 000 u spa d a2881450660 aCO-ViMGAbspacCO-ViMGA04a341.65 C553c aCOMITE INTERNACIONAL DE LA CRUZ ROJA10aLos Convenios de Ginebra del 12 de Agosto de 1949 aGinebra : bComite Internacional de la Cruz Roja, c1986 a215p.14aDERECHO INTERNACIONAL14aPRISIONEROS DE GUERRA